LEADER 01056cam2 22003131 450 001 SOBE00020198 005 20111128165924.0 100 $a20111128d1964 |||||ita|0103 ba 101 $alat 102 $aIT 200 1 $a<>Trinummus$aTruculentus$aVidularia$aFragmenta 210 $aVenetiis$cin aedibus Francisci Pesenti del Thei$d1964 215 $a143 p.$d21 cm 225 2 $aScriptorum romanorum quae extant omnia 300 $a(gc) 410 1$1001SOBE00020147$12001 $a*Scriptorum romanorum quae extant omnia 461 1$1001SOBE00020186$12001 $aTitus Maccius Plautus 801 0$aIT$bUNISOB$c20111128$gRICA 850 $aUNISOB 852 $aUNISOB$j870|Coll|4|K$m9470 912 $aSOBE00020198 940 $aM 102 Monografia moderna SBN 941 $aM 957 $a870|Coll|4|K$b000006$i-VI$gSI$d9470$racquisto$tN$1cutolo$2UNISOB$3UNISOB$420111128165828.0$520120411100006.0$6cutolo 996 $aTruculentus$91720466 996 $aVidularia$91720467 996 $aTrinummus$91720465 996 $aFragmenta$959627 997 $aUNISOB LEADER 01343cam0 2200313 450 001 E600200049323 005 20211012075829.0 100 $a20090522d2004 |||||ita|0103 ba 101 $ager 102 $aDE 200 1 $aStudienbuch Linguistik$fAngelika Linke$gMarkus Nussbaumer$gPaul R. Portmann$gergänzt um einen Kapitel "Phonetik-Phonologie" Von Urs Willi 205 $a5., erweiterte Auflage 210 $aTübingen$cMax Niemeyer Verlag$d2004 215 $a544 p.$d22 cm 225 2 $aReihe Germanistische Linguistik 410 1$1001LAEC00026761$12001 $a*Reihe Germanistische Linguistik 700 1$aLinke$b, Angelika$3A600200054909$4070$0176519 702 1$aNussbaumer, Markus$3A600200054910$4070 702 1$aPortmann, Paul R.$3A600200054911$4070 702 1$aWilli, Urs$3A600200054912$4070 801 0$aIT$bUNISOB$c20211012$gRICA 850 $aUNISOB 852 $aUNISOB$jLinguistica|Generale$m144169 912 $aE600200049323 940 $aM 102 Monografia moderna SBN 941 $aM 957 $aLinguistica|Generale$b000003$gCON$d144169$hMarazziM$racquisto$1beth$2UNISOB$3UNISOB$420090522075727.0$520160428153536.0$6menle$fConsultabile presso il Centro Mediterraneo Preclassico; Modalità di consultazione sulla home page della Biblioteca link Fondi 996 $aStudienbuch Linguistik$91681753 997 $aUNISOB